000 00654nam a2200229Ia 4500
003 OSt
005 20220925222148.0
006 a|||||r|||| 00| 0
007 ta
008 220923b |||||||| |||| 00| 0 eng d
037 _cGeneral Book
040 _aRTL
_cRTL
_beng
041 _2eng
_aeng
082 _aY1592.2.N3, J1;K1;3/TD
100 _aHutton J H
_967679
245 0 _aCaste in India
_b Its nature, function, and origins
250 _a3
260 _aLondon
_bOxford University Press
_c1961
300 _ax,320p.
_ccm.
942 _hY1592.2.N3, J1;K1;3/TD
_cGB
_2CC
999 _c576218
_d576218